MARC details
| 000 -CABECERA |
| campo de control de longitud fija |
01191nam a2200193 a 4500 |
| 001 - NÚMERO DE CONTROL |
| campo de control |
000046300 |
| 005 - FECHA Y HORA DE LA ÚLTIMA TRANSACCIÓN |
| campo de control |
20251120073733.0 |
| 008 - DATOS DE LONGITUD FIJA--INFORMACIÓN GENERAL |
| campo de control de longitud fija |
150716s1994 dr 000 0 spa d |
| 040 ## - FUENTE DE LA CATALOGACIÓN |
| Centro catalogador/agencia de origen |
DO-SdBNP |
| Lengua de catalogación |
spa |
| Centro/agencia transcriptor |
BNPHU |
| 082 ## - NÚMERO DE LA CLASIFICACIÓN DECIMAL DEWEY |
| Número de clasificación |
xxxx |
| Número de documento/Ítem |
xxxx |
| 100 1# - ENTRADA PRINCIPAL--NOMBRE DE PERSONA |
| Nombre de persona |
Flores Santana, Juan Antonio |
| 9 (RLIN) |
16066 |
| 245 10 - MENCIÓN DE TÍTULO |
| Título |
Viajes por nuestras cumbres : |
| Resto del título |
bellezas y mensajes / |
| Mención de responsabilidad, etc. |
Juan Antonio Flores Santana. |
| 260 ## - PUBLICACIÓN, DISTRIBUCIÓN, ETC. |
| Lugar de publicación, distribución, etc. |
Santiago de los Caballeros, República Dominicana : |
| Nombre del editor, distribuidor, etc. |
PUCMM, |
| Fecha de publicación, distribución, etc. |
1994. |
| 300 ## - DESCRIPCIÓN FÍSICA |
| Extensión |
88 p. ; |
| Dimensiones |
21 cm. |
| 490 1# - MENCIÓN DE SERIE |
| Mención de serie |
Contemporáneos |
| Designación de volumen o secuencia |
172 |
| 505 0# - NOTA DE CONTENIDO CON FORMATO |
| Nota de contenido con formato |
Dios se revela en las montañas -- |
| Título |
La subida a Pico Duarte por San José de la Matas. Dios y la naturaleza -- |
| -- |
La subida al pico Duarte por el Valle del Tetero. Jesucristo luz -- |
| -- |
La subida al Pico Duarte por San Juan de la Maguana. Acompañando a Santa María del Camino -- |
| -- |
Mensaje de año nuevo desde el Pico Duarte -- |
| -- |
Jesucristo y las montañas -- |
| -- |
La subida al Pico Duarte por Jarabacoa. Vigoriza el cuerpo y el espíritu -- |
| -- |
La Cordillera septentrional. Atención a nuestra ecología -- |
| -- |
El monte de las bienaventuranzas -- |
| 710 22 - PUNTO DE ACCESO ADICIONAL--NOMBRE DE ENTIDAD CORPORATIVA |
| Nombre de entidad corporativa o nombre de jurisdicción como elemento de entrada |
Pontificia Universidad Católica Madre y Maestra |
| 9 (RLIN) |
843 |
| 830 #0 - PUNTO DE ACCESO ADICIONAL DE SERIE-TÍTULO UNIFORME |
| Título uniforme |
Contemporáneos. |
| Número de parte o sección de la obra |
172 |
| 9 (RLIN) |
74312 |